| 000 | 00598nam a22001931a 4500 | ||
|---|---|---|---|
| 001 | 11458 | ||
| 003 | OSt | ||
| 005 | 20260204212243.0 | ||
| 008 | 121109s2006||||dr ||||||b||||||||||spa|| | ||
| 020 | _a999346885x | ||
| 050 | _aRD 347.057293 R796p | ||
| 100 | _aRowland C., James | ||
| 245 | _aEl procedimiento cicil dominicano de acuerdo con los leyes 834 y 845 de 1978 / James Rowland C. | ||
| 264 | _aSanto Domingo : Ediciones Jurídicas Trajano Potentini | ||
| 300 | _a271 p | ||
| 500 | _aIncluye bibliografía | ||
| 650 | _aProcedimiento Civil - República DominicanaÌ | ||
| 942 |
_2ddc _cBK |
||
| 999 |
_c11458 _d11458 |
||